Dôvodová správa k zákonu, ktorým sa novelizuje zákon o vlastníctve bytov a nebytových priestorov

Dôvodová správa k zákonu č. 173/1999 Z.z., ktorým sa novelizuje zákon o vlastníctve bytov a nebytových priestorov.

Salvato in:
Dettagli Bibliografici
Natura: Capitolo di libro
Lingua:slovacco
Soggetti:
Tags: Aggiungi Tag
Nessun Tag, puoi essere il primo ad aggiungerne!!

MARC

LEADER 00000naa a2200000 4500
001 r036021
005 20230926081632.1
041 0 |a slo 
044 |a SK 
245 1 0 |a Dôvodová správa k zákonu, ktorým sa novelizuje zákon o vlastníctve bytov a nebytových priestorov 
520 |a Dôvodová správa k zákonu č. 173/1999 Z.z., ktorým sa novelizuje zákon o vlastníctve bytov a nebytových priestorov. 
610 2 0 |a byty 
610 2 0 |a priestory nebytové 
610 2 0 |a vlastníctvo súkromné 
610 2 0 |a zákony 
610 2 0 |a Slovensko 
610 2 0 |a správy dôvodové 
610 2 0 |a 1999